01259nab a22002297a 4500999001500000003000400015005001700019008004100036040000700077100003400084245014100118300001500259500003600274505028400310505014900594650002800743650003500771650002000806650003500826773015500861942001301016 c5751d5751OSt20260101213616.0190514b xxu||||| |||| 00| 0 spa d cPJ 94341aMignon, María Belén13aLa pluriparentalidad : buna solución cada vez más frecuente en el contexto de la filiación biológica /cMaría Belén Mignon. ap. 213-217 aCita: TR LALEY AR/DOC/461/2025. aSumario: I. Introducción.— II. El caso. Plataforma fáctica.— III. La sentencia. El reconocimiento de la socioafectividad.— IV. La pluriparentalidad.— V. El derecho a la identidad y su respeto en correspondencia con el emplazamiento filial.— VI. Palabras de cierre.  tFallo comentado: Juz. de Flia. de Osorno ~ 26/08/2024 ~ J. c. F. Y M. representado por su madre X. s/ impugnación de filiación matrimonial. 09967aDERECHO DE FAMILIA 091015aRESPONSABILIDAD PARENTAL 091004aFILIACION 091057aJURISPRUDENCIA APLICABLE0 0284493222dBuenos Aires : AbeledoPerrot, 1989-tDerecho de familia. Revista Interdisciplinaria de doctrina y jurisprudencia. Abril 2025-II.z18511201 2udccANA